书目信息 |
| 题名: |
常武文学读本
|
|
| 作者: | 钱璱之 主编 | |
| 分册: | ||
| 出版信息: | 南京 江苏文艺出版社 1998 |
|
| 页数: | 302页 | |
| 开本: | 20cm | |
| 丛书名: | ||
| 单 册: | ||
| 中图分类: | I206.7 | |
| 科图分类: | ||
| 主题词: | 文学--中国--文学--作品 | |
| 电子资源: | ||
| ISBN: | 7-5399-1358-4 | |
| 000 | 00563nam0 2200205 45 | |
| 001 | 0501151178 | |
| 005 | 20090908092604.77 | |
| 010 | @a7-5399-1358-4@dCNY15.20 | |
| 100 | @a20050115d1998 km y0chiy0120 ea | |
| 101 | 0 | @achi |
| 102 | @aCN@b320000 | |
| 200 | 1 | @a常武文学读本@AChang Wu Wen Xue Du Ben@f钱璱之主编 |
| 210 | @a南京@c江苏文艺出版社@d1998 | |
| 215 | @a302页@c图@d20cm | |
| 606 | 0 | @a文学@x中国@x文学@x作品 |
| 690 | @aI206.7@v4 | |
| 701 | 0 | @a钱璱之@AQian璱Zhi@4主编 |
| 801 | @aCN@bahty@c20090908 | |
| 905 | @aBZT@dI206.7@e46 | |
| 906 | @dCNY15.20@n0@r1 | |
| 常武文学读本/钱璱之主编.-南京:江苏文艺出版社,1998 |
| 302页:图;20cm |
| ISBN 7-5399-1358-4:CNY15.20 |
| ● |
| 相关链接 |
|
|
|
正题名:常武文学读本
索取号:I206.7/46
 
预约/预借
| 序号 | 登录号 | 条形码 | 馆藏地/架位号 | 状态 | 备注 |
| 1 | 383770 | 210146082 | 中心书库北库/ 北库028架B面1列2层3/ [索取号:I206.7/46] | 在馆 | |
| 2 | 383771 | 210146108 | 中心书库北库/ 北库028架B面2列5层33/ [索取号:I206.7/46] | 在馆 | |
| 3 | 383772 | 210146091 | 中心书库北库/ 北库028架B面2列5层31/ [索取号:I206.7/46] | 在馆 | |
| 4 | 383773 | 210146117 | 中心书库北库/ 北库028架B面2列5层35/ [索取号:I206.7/46] | 在馆 | |
| 5 | 383774 | 210146126 | 中心书库北库/ 北库028架B面2列5层32/ [索取号:I206.7/46] | 在馆 | |
| 6 | 383775 | 210146135 | 中心书库北库/ 北库028架B面2列5层34/ [索取号:I206.7/46] | 在馆 | |
| 7 | 383776 | 210146144 | 中心书库北库/ 北库028架B面1列2层4/ [索取号:I206.7/46] | 在馆 | |
| 8 | 383777 | 210146153 | 中心书库北库/ 北库028架B面1列2层1/ [索取号:I206.7/46] | 在馆 | |
| 9 | 383778 | 210146162 | 中心书库北库/ 北库028架B面1列2层2/ [索取号:I206.7/46] | 在馆 | |
| 10 | 383779 | 210146171 | 中心书库北库/ 北库028架B面2列5层36/ [索取号:I206.7/46] | 在馆 |